000 01031nam a2200301Ia 4500
001 Para_8888
003 CHAP
008 220125s2004 xx 000 0 und d
010 _a205976
040 _cCHAP
090 _aPA TESIS 1836
100 _aAguilar Rios, Jorge
_92826
245 _aCaracterización de aislamientos mexicanos del citrus tristeza closterovirus mediante polimorfismos conformacionales de cadena sencilla /
_c por Jorge Aguilar Rios
260 _aChapingo, Méx. :
_b el autor
300 _a71 h.
502 _aTesis (M.C. Protección Vegetal) UACh. Departamento Parasitología Agrícola
650 _aCítricos
_x enfermedades por virus
_924427
650 _aCítricos
_x plagas
_924458
650 _aTristeza de los citricos
_9115187
710 _aUACh. Departamento Parasitología Agrícola
_9164025
901 _aPA TESIS 1836
902 _aA
905 _a0000002004 in 0000000000 00
910 _a2004
942 _cPARA
942 _cPARA
_d1
999 _c205976
_d205976